000 00723nam a2200217 4500
003 CO-ViMGA
020 _a9789586489744
040 _aCO-ViMGA
_bspa
_cCO-ViMGA
082 0 4 _a363.11
_bH26r
100 1 _aHenao Robledo, Fernando
_99013
245 1 0 _aRiesgos físicos III :
_btemperaturas extremas, ventilación /
_cFernando Henao Robledo.
260 _aBogotá :
_bEcoe Edicione,
_c2013
300 _a136 p.
490 _a(Ingenería. Seguridad ocupacional)
650 1 4 _aCalor
_xEfectos fisiológicos
_99015
650 1 4 _aEvaluación de riesgos contra la salud
_99016
650 1 4 _aFrío
_xEfectos fisiológicos
_99014
650 1 4 _aSalud ocupacional
_91304
650 1 4 _aSeguridad industrial
_91305
942 _2ddc
_cBK
999 _c37860
_d37860